Loading...
| Literature - World | 0 | 3 | 1 | 0 | 25 | 81 | 119.67 | 0 | 0 | 3.98 | 9.09 |
| History - World | 0 | 2 | 0 | 0 | 20 | 87 | 102.00 | 0 | 0 | 3.66 | 3.41 |
| Science - Biology | 0 | 1 | 0 | 0 | 10 | 68 | 68.00 | 0 | 1 | 4.18 | 6.82 |
| Science - Chemistry | 0 | 1 | 0 | 0 | 10 | 94 | 94.00 | 0 | 1 | 1.72 | 7.95 |
| Literature - British | 0 | 1 | 0 | 0 | 10 | 128 | 128.00 | 0 | 0 | 0.66 | 2.27 |
| Geography | 0 | 1 | 0 | 1 | 10 | 131 | 131.00 | 0 | 0 | 0.00 | 4.17 |
| Popular Culture | 0 | 1 | 0 | 0 | 10 | 78 | 78.00 | 0 | 0 | 15.65 | 8.33 |
| History - European | 0 | 1 | 1 | 0 | 5 | 108 | 108.00 | 0 | 0 | 1.11 | 1.14 |
| History - Other | 0 | 1 | 1 | 0 | 5 | 103 | 103.00 | 0 | 0 | 1.35 | 3.41 |
| Mythology | 0 | 2 | 3 | 0 | 5 | 50 | 72.50 | 0 | 1 | 8.05 | 13.64 |
| Fine Arts - Classical Music | 0 | 0 | 0 | 0 | 0 | 0.00 | 0 | 0 | 0.00 | 0.00 | |
| Literature - American | 0 | 0 | 0 | 0 | 0 | 0.00 | 0 | 0 | 0.00 | 0.00 | |
| Social Science | 0 | 0 | 1 | 0 | -5 | 0.00 | 0 | 0 | 0.00 | 0.00 | |
| Literature - European | 0 | 0 | 1 | 0 | -5 | 0.00 | 0 | 0 | 0.00 | 0.00 | |
| Religion | 0 | 0 | 1 | 0 | -5 | 0.00 | 0 | 0 | 0.00 | 0.00 |